000
00318 a2200145 4500
001
169221
020
_a
040
_c
Magnum
100
_a
Nascimento, Rodrigo
240
1
0
_a
Natacao: nosso esporte arte
_l
por
245
1
0
_a
Natacao: nosso esporte arte
362
0
_a
1899
697
_a
EDUCACAO FISICA
942
_c
BK
999
_c
169221
_d
169221